Stopnie w Służbach mundurowych RP - nagła śmierć - Statystyki

Ogólne statystyki
  • Ten quiz został rozwiązany 112 razy
  • Średni wynik to 10 z 82
Answers on the Grid
Answers color-coded by a green-red scale on the quiz's grid according to % correct below.
admirał armii MW
admirał broni MW
admirał floty MW
admirał MW
admirał starszy komandor MW
aspirant POLICJA
aspirant PSP
aspirant sztabowy POLICJA
aspirant sztabowy PSP
bosman MW
bosmanmat kontradmirał MW
bosmanmat MW
brygadier PSP
chorąży marynarki MW
chorąży sztabowy WL
chorąży WL
generał admirał MW
generał armii WL
generał broni WL
generał brygadier PSP
generał brygady WL
generał dywizji WL
generał major WL
generał Marszałek
generał WL
generalny inspektor POLICJA
inspektor POLICJA
kapitan brygadier generalny PSP
kapitan marynarki MW
kapitan PSP
kapitan WL
kapral szeregowy WL
kapral WL
komandor MW
komandor podporucznik MW
komandor porucznik MW
komandor sztabowy MW
komisarz POLICJA
kontradmirał MW
major WL
Marszałek Floty
Marszałek Polski
marynarz MW
mat MW
młodszy admirał MW
młodszy aspirant POLICJA
młodszy aspirant PSP
młodszy bosmanmat MW
młodszy brygadier PSP
młodszy chorąży marynarki MW
młodszy chorąży sztabowy WL
młodszy chorąży WL
młodszy generał WL
młodszy inspektor POLICJA
młodszy kapitan PSP
młodszy kapral WL
młodszy komisarz POLICJA
młodszy marynarz MW
młodszy marynarz sztabowy MW
młodszy mat MW
młodszy ogniomistrz PSP
młodszy posterunkowy POLICJA
młodszy sekcyjny PSP
młodszy sierżant POLICJA
młodszy strażak podchorąży PSP
nadbrygadier PSP
nadinspektor POLICJA
nadkomisarz POLICJA
nadmat MW
nadogniomistrz PSP
nadporucznik admirał MW
nadpułkownik WL
ogniomistrz brygadier PSP
ogniomistrz PSP
plutonowy WL
podaspirant POLICJA
podaspirant sekcyjny PSP
podbrygadier PSP
podchorąży mat MW
podchorąży WL
podinspektor POLICJA
podkomisarz POLICJA
podporucznik marynarki MW
podporucznik WL
podpułkownik WL
porucznik kapitan WL
porucznik marynarki MW
porucznik WL
posterunkowy POLICJA
pułkownik WL
sekcyjny PSP
sierżant POLICJA
sierżant sztabowy POLICJA
sierżant WL
starszy aspirant POLICJA
starszy aspirant PSP
starszy aspirant sztabowy POLICJA
starszy bosman MW
starszy brygadier PSP
starszy chorąży marynarki MW
starszy chorąży sztabowy marynarki MW
starszy chorąży sztabowy WL
starszy chorąży WL
starszy generał WL
starszy inspektor generalny POLICJA
starszy inspektor POLICJA
starszy kapitan PSP
starszy kapral WL
starszy komisarz POLICJA
starszy major WL
starszy marynarz MW
starszy marynarz specjalista MW
starszy mat MW
starszy nadbrygadier PSP
starszy ogniomistrz PSP
starszy posterunkowy POLICJA
starszy posterunkowy specjalista POLICJA
starszy sekcyjny PSP
starszy sierżant POLICJA
starszy sierżant WL
starszy strażak PSP
starszy strażak specjalista PSP
starszy szeregowy specjalista WL
starszy szeregowy WL
starszy żołnierz WL
strażak PSP
strażak specjalista PSP
szeregowy specjalista WL
szeregowy WL
wiceadmirał MW
 
Statystyki odpowiedzi
Odpowiedź % Poprawnych
aspirant POLICJA
60%
admirał floty MW
45%
aspirant PSP
43%
brygadier PSP
43%
aspirant sztabowy POLICJA
38%
bosman MW
38%
admirał MW
35%
chorąży WL
33%
aspirant sztabowy PSP
28%
bosmanmat MW
25%
generał dywizji WL
25%
chorąży marynarki MW
23%
generał broni WL
23%
strażak PSP
20%
generał brygady WL
18%
generalny inspektor POLICJA
18%
generał WL
15%
inspektor POLICJA
15%
kapitan WL
15%
starszy posterunkowy POLICJA
15%
szeregowy WL
15%
generał brygadier PSP
13%
kapral WL
13%
komisarz POLICJA
13%
Marszałek Polski
13%
młodszy aspirant POLICJA
13%
posterunkowy POLICJA
13%
starszy aspirant POLICJA
13%
starszy aspirant PSP
13%
starszy strażak PSP
13%
starszy szeregowy WL
13%
kapitan PSP
10%
komandor MW
10%
komandor porucznik MW
10%
major WL
10%
marynarz MW
10%
mat MW
10%
młodszy aspirant PSP
10%
nadinspektor POLICJA
10%
podinspektor POLICJA
10%
sierżant POLICJA
10%
sierżant sztabowy POLICJA
10%
młodszy chorąży WL
8%
młodszy inspektor POLICJA
8%
młodszy kapitan PSP
8%
nadkomisarz POLICJA
8%
ogniomistrz PSP
8%
podkomisarz POLICJA
8%
podpułkownik WL
8%
porucznik WL
8%
pułkownik WL
8%
sierżant WL
8%
starszy chorąży sztabowy WL
8%
starszy chorąży WL
8%
starszy kapitan PSP
8%
starszy kapral WL
8%
starszy marynarz MW
8%
starszy sierżant POLICJA
8%
starszy sierżant WL
8%
kapitan marynarki MW
5%
komandor podporucznik MW
5%
kontradmirał MW
5%
młodszy brygadier PSP
5%
młodszy chorąży marynarki MW
5%
młodszy ogniomistrz PSP
5%
nadbrygadier PSP
5%
plutonowy WL
5%
podporucznik WL
5%
sekcyjny PSP
5%
starszy brygadier PSP
5%
starszy chorąży marynarki MW
5%
starszy mat MW
5%
starszy sekcyjny PSP
5%
starszy szeregowy specjalista WL
5%
podporucznik marynarki MW
3%
porucznik marynarki MW
3%
starszy bosman MW
3%
starszy chorąży sztabowy marynarki MW
3%
starszy inspektor POLICJA
3%
starszy marynarz specjalista MW
3%
starszy ogniomistrz PSP
3%
wiceadmirał MW
3%
Nie znaleziono quizów pasujących do podanych kryteriów
Rozkład punktacji
Procent ludzi z każdym wynikiem
Percentyl według liczby udzielonych odpowiedzi
Twoja historia wyników
Nie rozwiązałeś tego quizu